Sports Quiz

Random Sports or MLB Quiz

MLB Home Run Leaders by Two-Decade Span Quiz Stats

Quiz Updated Aug 14, 2015

Challenge
Share
Tweet
Embed
Score 0/80 Timer 10:00
13 Plays Today
Decades Player % Correct
1920s & 1930sBabe Ruth
98.5%
1980s & 1990sBarry Bonds
96.2%
1990s & 2000sBarry Bonds
96.2%
1990s & 2000sSammy Sosa
91.9%
1980s & 1990sMark McGwire
90.6%
1950s & 1960sHank Aaron
88.9%
1960s & 1970sHank Aaron
88.9%
1990s & 2000sAlex Rodriguez
88.9%
1950s & 1960sMickey Mantle
88.3%
1940s & 1950sMickey Mantle
88.3%
1950s & 1960sWillie Mays
87.5%
1960s & 1970sWillie Mays
87.5%
1980s & 1990sKen Griffey, Jr.
86.4%
1990s & 2000sKen Griffey, Jr.
86.4%
1920s & 1930sLou Gehrig
85.7%
1930s & 1940sLou Gehrig
85.7%
1940s & 1950sTed Williams
85.2%
1930s & 1940sTed Williams
85.2%
1960s & 1970sBilly Williams
84.7%
1970s & 1980sMike Schmidt
77.7%
1970s & 1980sReggie Jackson
76.5%
1990s & 2000sFrank Thomas
76.4%
1990s & 2000sJim Thome
76.3%
1930s & 1940sJoe DiMaggio
74.3%
1930s & 1940sJimmie Foxx
72.3%
1920s & 1930sJimmie Foxx
72.3%
1950s & 1960sFrank Robinson
71%
1960s & 1970sFrank Robinson
71%
1990s & 2000sManny Ramirez
68.9%
1990s & 2000sRafael Palmeiro
67.8%
1980s & 1990sJose Canseco
67.4%
1950s & 1960sHarmon Killebrew
67.2%
1960s & 1970sHarmon Killebrew
67.2%
1960s & 1970sWillie McCovey
64.3%
1940s & 1950sStan Musial
63.6%
1930s & 1940sMel Ott
61.8%
1920s & 1930sMel Ott
61.8%
1980s & 1990sCal Ripken
61.2%
1970s & 1980sEddie Murray
59%
1980s & 1990sEddie Murray
59%
Decades Player % Correct
1960s & 1970sWillie Stargell
58.9%
1950s & 1960sErnie Banks
58.6%
1960s & 1970sCarl Yastrzemski
54.7%
1940s & 1950sYogi Berra
54.2%
1930s & 1940sHank Greenberg
54%
1990s & 2000sGary Sheffield
52.3%
1970s & 1980sJim Rice
51.6%
1950s & 1960sEddie Mathews
48.6%
1940s & 1950sEddie Mathews
48.6%
1950s & 1960sDuke Snider
47.2%
1940s & 1950sDuke Snider
47.2%
1980s & 1990sFred McGriff
46.8%
1970s & 1980sDale Murphy
46.6%
1970s & 1980sDave Kingman
45.9%
1980s & 1990sJoe Carter
45.6%
1970s & 1980sDave Winfield
45.5%
1980s & 1990sAndre Dawson
45.1%
1940s & 1950sRalph Kiner
44.6%
1930s & 1940sBob Johnson
43.6%
1920s & 1930sHack Wilson
42.8%
1960s & 1970sFrank Howard
42.6%
1920s & 1930sRogers Hornsby
42.3%
1970s & 1980sDarrell Evans
40.7%
1970s & 1980sDwight Evans
40.7%
1990s & 2000sCarlos Delgado
38.7%
1930s & 1940sJohnny Mize
29.7%
1940s & 1950sGil Hodges
25.7%
1920s & 1930sAl Simmons
23.1%
1970s & 1980sGraig Nettles
21.4%
1930s & 1940sChuck Klein
21.2%
1920s & 1930sChuck Klein
21.2%
1960s & 1970sNorm Cash
21.1%
1950s & 1960sRocky Colavito
20.3%
1980s & 1990sHarold Baines
14.3%
1950s & 1960sJoe Adcock
9.7%
1930s & 1940sRudy York
7%
1920s & 1930sGoose Goslin
6.7%
1940s & 1950sHank Sauer
6.5%
1940s & 1950sDel Ennis
4.9%
1920s & 1930sWally Berger
4.6%

You're not logged in!

Compare scores with friends on all Sporcle quizzes.
Sign Up with Email
OR
Log In

You Might Also Like...

Show Comments

Extras

Top Quizzes Today


Score Distribution

Your Account Isn't Verified!

In order to create a playlist on Sporcle, you need to verify the email address you used during registration. Go to your Sporcle Settings to finish the process.